| 000 | 01486nam0a2200373 4500 | ||
|---|---|---|---|
| 001 | RU\NLR\bibl\201601 | ||
| 005 | 20260405154112.0 | ||
| 010 |
_a5-900835-36-7 _95000 |
||
| 021 |
_aRU _b2001-26601 _91268 |
||
| 035 | _a(NLR Aleph) 000197927 | ||
| 090 |
_a1146379 _c1146379 |
||
| 100 | _a20010808d2001 |||y0rusy50 ca | ||
| 101 | 0 | _arus | |
| 102 | _aRU | ||
| 105 | _aa ||||||||| | ||
| 200 | 1 |
_aНормы устройства электроустановок строительных площадок _fР. Н. Карякин |
|
| 210 |
_aМ. _cЭнергосервис _d2001 |
||
| 215 |
_a191,[1] с. _cил. _d20 |
||
| 313 | _aв книге есть гавы об электрооборудовании зданий | ||
| 320 | _aБиблиогр.: с. 189-192 | ||
| 606 | 0 |
_aСтроительные площадки _xЭнергооборудование _91719284 _3RU\NLR\auth\661064302 |
|
| 610 | 0 | _aСтроительные площадки - Электрооборудование - Эксплуатация | |
| 675 |
_a621.31.004:658.345.8(083.74) _v3 _zrus |
||
| 686 |
_a44 _2rugasnti |
||
| 686 |
_a31.29н _2rubbk |
||
| 686 | _aН6-42 | ||
| 686 | _aЗ294.93 | ||
| 700 | 1 |
_4070 _8rus _7ca _aКарякин _bР. Н. _cд-р техн. наук _gРудольф Николаевич _3RU\NLR\auth\7765060 _947989 |
|
| 801 | 0 |
_aRU _bRKP _c20010808 _gPSBO |
|
| 801 | 1 |
_aRU _bRKP _c20010808 |
|
| 801 | 2 |
_aRU _bNLR _c20080929 _grcr |
|
| 942 | _cBOOK | ||
| 980 | _aNB | ||